Sociedades reguladas por la Ley general de sociedades (Registro nro. 21813)

Detalles MARC
000 -Cabecera
Campo de control interno 00964nam a2200265Ia 4500
005 - Fecha y hora del registro
control field 20260320113314.0
008 - Elementos de Longitud Fija
fixed length control field 260320s9999||||xx |||||||||||||| ||und||
020 ## - ISBN
ISBN 9786123172930
041 ## - Idioma
Codigo Idioma ESP
082 ## - DEWEY y NOTACIÓN INTERNA
Dewey 347.51
Notación Interna S17
100 ## - AUTOR
Autor denominación Salas Sánchez, Julio,
Término de relación autor
245 #0 - TÍTULO DE MATERIAL BIBLIOGRÁFICO
Título Sociedades reguladas por la Ley general de sociedades
Título paralelo
246 ## - TÍTULO TRADUCIDO
Título
Título paralelo
Autor
250 ## - EDICIÓN
Edición Primera edición, tercera reimpresión
260 ## - CIUDAD, EDITORIAL, AÑO
Ciudad Lima :
Nombre de la Editorial Pontificia Universidad Católica del Perú. Fondo Editorial,
Año 2024
300 ## - DESCRIPCIÓN
N° Páginas 192 páginas :
Otros detalles cuadros ;
Dimensiones 21 cm.
Material Adicional
440 ## - MENCIÓN DE SERIE
Título de la Serie (Lo esencial del derecho
Número de Serie ; número 25)
Volumen de Serie
650 ## - TEMAS
Temas Ciencias Sociales
653 ## - DESCRIPTORES
Lenguajes no controlado Derecho comercial - Perú; Derecho - Estudio y enseñanza; Sociedades comerciales - Legislación - Perú
654 ## - PROGRAMAS
Programa
700 ## - OTROS AUTORES
Otros autores
Títulos y otras palabras asociadas con el nombre
856 ## - URL - UBICACIÓN
URI/URL: Enlace exacto del recurso <a href="https://legal-legis-com-pe.ucsp.lookproxy.com/home/Corporativo">https://legal-legis-com-pe.ucsp.lookproxy.com/home/Corporativo</a>
Nota pública: Versión digital <a href="Véase además: Base de datos Multilegis">Véase además: Base de datos Multilegis</a>
942 ## - ELEMENTOS DE KOHA
Tipo de documento Libro
Nombre del creador Justo Noguera
Código de catalogador Margarita Torres
Esquema de clasificación Dewey Decimal Classification
Suppress in OPAC
Existencias
Codigo completo Registro Colección Copia número Disponibilidad Tipo de préstamo Biblioteca Actual Procedencia (Biblioteca) Ubicacón Fecha Ingreso Tipo de Adquisición Observación Date last seen Total checkouts Price effective from Tipo de Item Estado del Material Fuente de Clasificación Damaged status Withdrawn status
347.51 S17 1014249 Universidad Católica San Pablo 1 Disponible Disponible Víctor Andrés Belaunde Víctor Andrés Belaunde Primer piso 10/03/2026 Reposición Katia Ochoa - Derecho 20/03/2026   20/03/2026 Libro Bueno Dewey Decimal Classification